[Event "22nd Hoogeveen Open 2018"]
[Site "Hoogeveen"]
[Date "2018.10.24"]
[Round "6"]
[White "Van der Hagen, Loek"]
[Black "Biermann, Florian"]
[Result "1-0"]
[WhiteElo "1820"]
[BlackElo "2024"]
[Annotator "NA"]
[PlyCount "97"]
[EventDate "2018.10.20"]
[EventType "swiss"]
[EventCountry "NED"]
[SourceTitle "playchess.com"]
[Source "ChessBase"]
[SourceQuality "1"]
[TimeControl "40/5400+30:1800+30"]

1. e4 {[%emt 0:00:00]} c5 {[%emt 0:00:00]} 2. Nf3 {[%emt 0:00:00]} d6 {[%emt 0:00:00]} 3. d4 {[%emt 0:00:00]} cxd4 {[%emt 0:00:00]} 4. Nxd4 {[%emt 0:00:00]} Nf6 {[%emt 0:00:00]} 5. Nc3 {[%emt 0:00:00]} a6 {[%emt 0:00:02]} 6. Bg5 {[%emt 0:00:11]} e6 {[%emt 0:00:21]} 7. f4 {[%emt 0:00:07]} h6 {[%emt 0:00:04]} 8. Bh4 {[%emt 0:00:28]} Be7 {[%emt 0:00:21]} 9. Qf3 {[%emt 0:00:07]} Nbd7 {[%emt 0:00:16]} 10. O-O-O {[%emt 0:00:08]} Qc7 {[%emt 0:00:06]} 11. Bd3 {[%emt 0:00:17]} g5 {[%emt 0:00:35]} 12. fxg5 {[%emt 0:00:09]} Ne5 {[%emt 0:00:12]} 13. Qe2 {[%emt 0:00:05]} Nfg4 {[%emt 0:01:18]} 14. h3 {[%emt 0:00:32]} hxg5 {[%emt 0:00:36]} 15. Bg3 {[%emt 0:00:23] LiveBook: 22 Games} Nf6 {[%emt 0:15:19]} 16. Nf3 $11 {[%emt 0:07:14]} Nh5 {[%emt 0:07:56]} 17. Bh2 {[%emt 0:19:27]} Bd7 {[%emt 0:04:16]} 18. Nxe5 {[%emt 0:01:53]} dxe5 {[%emt 0:01:06]} 19. Qf2 {[%emt 0:07:09]} Nf4 {[%emt 0:06:35]} 20. Rhf1 {[%emt 0:05:23]} f6 {[%emt 0:14:55]} 21. Kb1 {[%emt 0:07:36]} Rc8 {[%emt 0:09:50]} 22. Ne2 {[%emt 0:15:29]} Ba4 {[%emt 0:06:37]} 23. Rc1 {[%emt 0:08:50]} Qa5 {[%emt 0:08:51]} 24. Nxf4 {[%emt 0:10:58]} gxf4 {[%emt 0:02:36]} 25. g3 {[%emt 0:03:56]} Bc5 {[%emt 0:04:34]} 26. Qe2 {[%emt 0:00:32]} Rc6 {[%emt 0:01:27]} 27. Bc4 {[%emt 0:06:51]} Rb6 {[%emt 0:04:16]} 28. Bb3 {[%emt 0:01:44]} Bb5 {[%emt 0:00:23]} 29. Qg4 {[%emt 0:01:05]} Rf8 {[%emt 0:04:20]} 30. Qg6+ {[%emt 0:01:34]} Ke7 {[%emt 0:00:26]} 31. Rh1 {[%emt 0:01:05]} Bc4 {[%emt 0:02:12]} 32. gxf4 {[%emt 0:00:57]} Bd4 {[%emt 0:00:18]} 33. fxe5 {[%emt 0:00:52]} fxe5 {[%emt 0:02:03]} 34. Qg7+ {[%emt 0:00:38]} Rf7 {[%emt 0:00:31]} 35. Qg5+ {[%emt 0:00:04]} Kd7 {[%emt 0:00:21]} 36. Rhd1 {[%emt 0:00:45]} Bxb3 {[%emt 0:02:30]} 37. Rxd4+ {[%emt 0:00:33]} Bd5 {[%emt 0:00:52]} 38. Rxd5+ {[%emt 0:01:08]} exd5 {[%emt 0:00:21]} 39. Qxe5 {[%emt 0:00:28]} Re6 {[%emt 0:00:33]} 40. Qb8 {[%emt 0:00:35]} Qd8 {[%emt 0:01:59]} 41. exd5 {[%emt 0:03:16]} Rb6 {[%emt 0:02:20]} 42. Qe5 {[%emt 0:01:18]} Rbf6 {[%emt 0:02:40]} 43. a3 {[%emt 0:02:47]} Qb6 {[%emt 0:00:25]} 44. Re1 {[%emt 0:00:58]} Qd8 {[%emt 0:01:23]} 45. Qd4 {[%emt 0:10:25]} Qb6 {[%emt 0:04:11]} 46. Qe4 {[%emt 0:01:29]} Qd8 {[%emt 0:01:13]} 47. d6 {[%emt 0:00:26]} Kc8 {[%emt 0:01:14]} 48. Qc4+ {[%emt 0:01:41]} Kd7 {[%emt 0:02:46]} 49. Qa4+ {[%emt 0:00:30]} 1-0

[Event "22nd Hoogeveen Open 2018"]
[Site "Hoogeveen"]
[Date "2018.10.25"]
[Round "7"]
[White "Amin, Bassem"]
[Black "Van Den Doel, Erik"]
[Result "1/2-1/2"]
[WhiteElo "2686"]
[BlackElo "2607"]
[Annotator "TA"]
[PlyCount "55"]
[EventDate "2018.10.20"]
[EventType "swiss"]
[EventCountry "NED"]
[SourceTitle "playchess.com"]
[Source "ChessBase"]
[SourceQuality "1"]

{[%evp 28,55,0,0,0,0,0,0,0,0,0,0,0,0,0,0,0,0,0,0,0,0,0,0,0,0,96,0,0,0]} 1. e4 {Atalik,S} e5 2. Nf3 Nc6 3. Bc4 Bc5 4. c3 Nf6 5. d3 d6 6. O-O h6 7. Re1 O-O 8. Nbd2 a6 9. Nf1 Ba7 10. Bb3 Re8 {C54: Giuoco Piano: 4 c3 Nf6, main lines with 5 d4 and 5 d3} 11. Ng3 (11. h3 Be6 12. N3h2 d5 13. Qf3 d4 14. Ng3 Bc5 15. Nf5 Bf8 16. Ng4 Nxg4 17. hxg4 Bxb3 18. axb3 Re6 19. Qg3 Be7 20. f4 {0-1 (43) Vocaturo,D (2615)-Karjakin,S (2760) Batumi 2018}) 11... Be6 12. Bxe6 Rxe6 13. d4 d5 14. Nxe5 Nxe5 15. dxe5 {LiveBook: 5 Games} Nxe4 16. Nxe4 dxe4 17. Bf4 Qxd1 18. Raxd1 {[#]} g5 $146 19. Bg3 Rae8 20. Rd7 ({Don't blunder} 20. Rxe4 $2 f5 $19) 20... R8e7 21. Rxe7 Rxe7 $11 {[%mdl 4096] Endgame KRB-KRB} 22. Kf1 ({Don't play} 22. Rxe4 f5 $17) 22... Kh7 23. h3 c6 24. Bh2 Rd7 25. Rxe4 Rd2 26. Re2 Rd1+ 27. Re1 Rd2 28. Re2 1/2-1/2

[Event "22nd Hoogeveen Open 2018"]
[Site "Hoogeveen"]
[Date "2018.10.25"]
[Round "7"]
[White "Safarli, Eltaj"]
[Black "Kryakvin, Dmitry"]
[Result "1/2-1/2"]
[WhiteElo "2676"]
[BlackElo "2595"]
[Annotator "TA"]
[PlyCount "57"]
[EventDate "2018.10.20"]
[EventType "swiss"]
[EventCountry "NED"]
[SourceTitle "playchess.com"]
[Source "ChessBase"]
[SourceQuality "1"]

{[%evp 20,57,-2,-8,8,8,8,9,10,4,15,-18,-18,-18,-18,-18,-18,-18,-18,-20,-20,-35,-35,-56,-60,-83,-99,-87,-82,-122,-34,-34,-34,-30,-29,-21,-25,-33,-23,-14]} 1. e4 c5 2. Nf3 d6 3. c3 Nf6 4. h3 Nc6 5. Bd3 d5 6. e5 Nd7 7. Qe2 e6 {B50: Sicilian: 2...d6, Miscellaneous} (7... Qc7 8. Bb5 a6 9. Bxc6 Qxc6 10. O-O b6 11. d4 e6 12. Na3 a5 13. Re1 Ba6 14. Qd1 h6 15. Nc2 {½-½ (30) Efimenko,Z (2661)-Mchedlishvili,M (2630) Germany 2014}) 8. O-O Qc7 9. Bb5 a6 10. Bxc6 Qxc6 11. d4 {LiveBook: 3 Games} Be7 12. Bg5 Bxg5 13. Nxg5 {Threatens to win with Qh5.} h6 14. Nf3 b6 $146 ({Predecessor:} 14... O-O 15. a4 {0-1 (44) Ballero,A (1536)-Correa de Almeida,C (1626) LSS email 2012}) 15. Nbd2 a5 16. Rfc1 Ba6 $36 {[%mdl 2048] Black fights for an advantage.} 17. Qe3 O-O 18. a4 Rfc8 19. Re1 Rab8 20. Ra2 Qc7 21. Nh2 cxd4 22. Qxd4 b5 23. axb5 Bxb5 24. Ra3 Qc5 ({Black should play} 24... Nc5 $17 25. Nhf3 Nd3) 25. Rxa5 $15 Qxd4 26. cxd4 Rc2 27. Nhf3 Rxb2 28. Rc1 Be2 29. Rc7 {Precision: White = 45%, Black = 76%.} 1/2-1/2

[Event "22nd Hoogeveen Open 2018"]
[Site "Hoogeveen"]
[Date "2018.10.25"]
[Round "7"]
[White "Romanov, Evgeny"]
[Black "Colijn, Stefan"]
[Result "1-0"]
[WhiteElo "2614"]
[BlackElo "2340"]
[Annotator "TA"]
[PlyCount "133"]
[EventDate "2018.10.20"]
[EventType "swiss"]
[EventCountry "NED"]
[SourceTitle "playchess.com"]
[Source "ChessBase"]
[SourceQuality "1"]

{[%evp 14,133,29,27,45,32,43,41,65,33,40,31,29,27,59,57,56,58,61,63,62,57,58,58,57,58,60,58,58,50,58,56,50,43,103,112,102,97,110,104,104,114,153,67,69,29,32,35,65,59,51,65,67,60,59,60,66,60,61,51,62,66,116,116,111,101,102,96,104,104,106,101,102,104,115,88,115,111,308,306,304,285,320,306,483,402,433,225,225,225,225,225,225,225,225,225,225,225,225,225,864,876,1012,1012,842,953,4775,4158,2568,2168,1679,1336,29946,12839,29948,29953,12363,11585,12363,12363,29969,29969]} 1. c4 {RR} e5 2. g3 Nf6 3. Bg2 Nc6 4. Nc3 Bc5 5. Nf3 d6 6. O-O O-O 7. e3 a6 8. b3 {LiveBook: 13 Games. A29: English Opening: Four Knights Variation with 4 g3} h6 9. Bb2 Re8 $146 ({Predecessor:} 9... Ba7 10. Qc2 Re8 11. Nh4 Nb4 12. Qb1 Qe7 13. a3 Nc6 14. Nd5 Nxd5 15. cxd5 Nb8 {1-0 (36) Nepomniachtchi,I (2730)-Stocek,J (2600) Porto Carras 2011 CBM 146 [RR]}) 10. Nd5 {White is slightly better.} Ba7 11. d4 (11. Nh4 {feels hotter.} Nxd5 12. cxd5 Nb8 13. f4 Nd7 14. fxe5 dxe5 15. Rf5) 11... exd4 12. Nxd4 Nxd4 13. Bxd4 {Nxf6+ is the strong threat.} Bxd4 14. Qxd4 Nxd5 15. cxd5 Bd7 16. Rac1 Re7 17. Rfd1 {[%cal Bf1d1,Bd1d4,Bd4c4][%mdl 32]} a5 18. Qc3 Bf5 19. Rd4 b6 20. a4 Ra7 21. h4 Qd7 22. Bf3 Qe8 23. Rc4 h5 (23... Bc8 $14) 24. Bxh5 $16 Be4 25. Rd4 Re5 26. Qc4 c5 27. dxc6 {Threatens to win with c7.} Rc5 28. Qf1 ({White should play} 28. Rxe4 $16 Qxc6 29. Rf4 (29. Bxf7+ $2 Rxf7 30. Rd4 d5 $19)) 28... Qxc6 $1 $14 29. Rdc4 Bd5 30. Rxc5 bxc5 31. Qd1 Rb7 32. Rc3 $1 {[%cal Rc3d3] Strongly threatening Rd3.} Be4 33. Be2 Qd5 34. Qxd5 Bxd5 {[%mdl 4096] Endgame KRB-KRB} 35. Bb5 {Black must now prevent Rd3.} Rb6 36. Kf1 Kf8 37. Ke2 Ke7 38. e4 Bc6 ({Don't go for} 38... Bxe4 $2 39. Re3 $18) 39. Bc4 Bd7 40. Kd2 Be6 41. Bb5 f6 42. Rd3 Rb8 43. Kc3 g5 44. hxg5 fxg5 45. f4 gxf4 $2 (45... Bg4 $16) 46. gxf4 $18 Rh8 47. f5 Bf7 48. Bc4 Bxc4 (48... Be8 $142 49. f6+ Kxf6 50. Rxd6+ Ke5 51. Re6+ Kf4) 49. Kxc4 {KR-KR} Rb8 50. f6+ (50. Rh3 $142) 50... Ke6 {[#]} 51. f7 $1 {[%mdl 512]} Rb4+ (51... Kxf7 52. Rxd6) 52. Kc3 Kxf7 53. Rxd6 c4 54. Rd4 Rxb3+ 55. Kxc4 Rb1 56. Kd5 $1 Ke7 $2 (56... Kf6 57. Rc4 Rb8 58. Rc6+ Kg5) 57. Rc4 $1 {[%cal Rc4c5]} Ra1 {[#]} 58. Kc6 $1 {[%cal Rc6b6]} Rb1 59. e5 Rb4 {[#]} 60. Kd5 $1 {White wants to mate with Rxb4.} Rb7 61. Rc5 Ra7 62. Kc6 Ke6 63. Kb6 Rd7 64. Kxa5 Rb7 65. Ka6 Rb1 66. a5 Rb2 67. Rb5 {Precision: White = 83%, Black = 53%.} 1-0

[Event "22nd Hoogeveen Open 2018"]
[Site "Hoogeveen"]
[Date "2018.10.25"]
[Round "7"]
[White "Pruijssers, Roeland"]
[Black "Buckels, Valentin"]
[Result "1/2-1/2"]
[WhiteElo "2501"]
[BlackElo "2413"]
[Annotator "TA"]
[PlyCount "101"]
[EventDate "2018.10.20"]
[EventType "swiss"]
[EventCountry "NED"]
[SourceTitle "playchess.com"]
[Source "ChessBase"]
[SourceQuality "1"]

{[%evp 19,101,19,24,14,21,11,8,19,19,13,17,0,0,0,0,0,0,0,0,0,0,-6,0,0,0,0,0,0,16,13,16,16,27,12,17,15,16,17,27,0,0,0,0,0,19,19,19,18,21,17,22,25,27,9,81,70,61,79,79,73,74,0,0,0,0,0,0,0,0,0,0,0,0,0,0,0,0,0,0,0,0,0,0,0]} 1. e4 e5 2. Nf3 Nc6 3. Bc4 Bc5 4. O-O d6 5. d3 Nf6 6. c3 a5 {C54: Italienische Partie (Hauptvariante)} 7. Re1 h6 8. Nbd2 O-O 9. Nf1 Be6 10. Bb5 Ne7 {LiveBook: 5 Partien} 11. d4 Bb6 12. Ng3 Ng6 13. h3 exd4 14. Nxd4 {[#]} Bd7 $146 15. Bd3 Re8 16. Bd2 d5 17. exd5 Rxe1+ 18. Qxe1 Nxd5 19. Be4 c6 20. Ndf5 Nde7 21. Be3 {[#] Droht Sxg7! und aus.} Nxf5 22. Nxf5 Bxe3 23. Qxe3 Qf6 24. Ng3 Be6 25. Qb6 Qe7 26. Bxg6 fxg6 27. Re1 Qd7 28. a3 a4 29. Ne4 Bc4 30. Qb4 b5 31. Nd6 Bd5 32. c4 bxc4 33. Nxc4 Re8 {[#] zielt auf ...Txe1+ ab.} 34. Nb6 $36 {[%mdl 2048] Schwarz steht unter Druck.} Rxe1+ 35. Qxe1 Qb7 36. Qe3 c5 (36... Bxg2 $11 37. Qe8+ Kh7) 37. Nxd5 (37. Nxa4 {feels hotter.} Kh7 38. f3 Bc6 39. Nxc5 Qxb2 40. Ne6) 37... Qxd5 $16 {[%mdl 4096] Endspiel KD-KD} 38. Qe8+ Kh7 39. Qxa4 Qd3 40. b3 ({Lieber} 40. Qa5 $16) 40... Qb1+ $11 {Die Stellung ist ausgeglichen.} 41. Kh2 {Dc4 ist eine echte Drohung.} Qb2 42. f3 h5 43. h4 Qe5+ 44. Kh3 Qe6+ 45. Kg3 Qe1+ 46. Kh2 Qe5+ 47. f4 Qe1 48. Kh3 Qe3+ 49. Kh2 Qe1 50. Kh3 Qe3+ 51. Kh2 {Precision: Weiß = 60%, Schwarz = 81%.} 1/2-1/2

[Event "22nd Hoogeveen Open 2018"]
[Site "Hoogeveen"]
[Date "2018.10.25"]
[Round "7"]
[White "Iniyan, P."]
[Black "Tomilova, Elena"]
[Result "1-0"]
[WhiteElo "2476"]
[BlackElo "2328"]
[Annotator "TA"]
[PlyCount "111"]
[EventDate "2018.10.20"]
[EventType "swiss"]
[EventCountry "NED"]
[SourceTitle "playchess.com"]
[Source "ChessBase"]
[SourceQuality "1"]

{[%evp 22,111,-10,-46,-43,-58,-63,-131,-62,-97,-40,-39,33,24,17,7,8,0,41,-34,0,-144,-155,-166,-156,-194,0,-60,-63,-151,-182,-170,-156,-178,83,83,79,85,74,72,81,77,81,75,70,62,65,70,85,69,102,93,95,95,180,180,199,199,29969,29970,29968,29971,29971,29972,29972,29973,29972,29974,29973,29975,29976,29977,29977,29978,29978,29977,29977,29978,29978,29979,29979,29980,29979,29980,29980,29981,29981,29982,29983,29984,29984,29983]} 1. d4 d5 2. c4 c6 3. Nf3 Nf6 4. Nc3 dxc4 5. a4 a5 6. e4 Bg4 7. Bxc4 e6 8. Be3 Bb4 {D16: Slav Defence: 5 a4: Lines with 5...Bg4 and 5...Na6} 9. Qc2 Nbd7 (9... Bh5 10. Ne5 Nfd7 11. O-O O-O 12. Nd3 Na6 13. Bxa6 Rxa6 14. Nxb4 axb4 15. Na2 f5 16. exf5 exf5 17. Nxb4 {1-0 (32) So,W (2812)-Jobava,B (2707) Leuven 2017}) 10. Ne5 Nxe5 11. dxe5 Nd7 12. f4 {[#] LiveBook: 3 Games. And now h3 would win.} g5 $1 {[%mdl 512]} 13. fxg5 Nxe5 14. Bf1 {[#]} (14. Be2 $15) 14... Bh5 $146 (14... h6 $1 $17 {[%mdl 512]} 15. gxh6 Bh5) ({Predecessor:} 14... h6 15. gxh6 Rxh6 16. Qd2 {1-0 (44) Chabanon,J (2480)-Luce,S (2415) Toulouse 1995}) 15. h3 Qd6 (15... Be7 $17 16. h4 h6 $1 {[%mdl 512]}) 16. g4 $1 $15 Bxg4 ({Better is} 16... Bg6 $15 17. Rd1 Qc7) 17. hxg4 $14 Nxg4 18. Bf2 O-O-O 19. Rh3 Qf4 20. Bd3 ({White should play} 20. Bb6 $14) 20... Rhg8 {Threatens to win with ...Rxd3!} (20... Qxg5 21. Bh4 $14) 21. Bb6 (21. Rd1 $11) 21... Rd6 $1 $17 22. Qc1 Qe5 23. Be2 Qxe4 $2 (23... Rxg5 $19 24. Bg1 Rg6) 24. Rh4 (24. Qb1 $11 Qxb1+ 25. Rxb1) 24... f5 $1 $15 {[%cal Bf7f5,Bf5g4][%mdl 32] aiming for ...Qe5.} 25. Bc5 (25. gxf6 $15 Qe5 26. Rxg4 (26. f7 $2 Qg3+ 27. Kf1 Rf8 $19) 26... Rxg4 27. Qe3) 25... Qg2 $17 26. Rxg4 fxg4 27. Bxd6 {Strongly threatening Qe3.} Qg1+ $2 ({Weaker is} 27... Bxd6 28. Qe3 $11) ({Black should try} 27... Rd8 $1 $19 28. Bxb4 Qg1+ 29. Bf1 Qg3+ 30. Ke2 axb4) 28. Kd2 $16 Qd4+ 29. Kc2 Bxd6 30. Qd1 Qb4 31. Bxg4 Rxg5 32. Bxe6+ Kb8 {Hoping for ...Rg2+.} 33. Qd2 Bf4 34. Qe2 Be5 35. Bb3 Rf5 36. Rf1 Rxf1 37. Qxf1 {Black must now prevent Qf7.} h5 (37... h6 $16 {was called for.} 38. Qf5 Qd6) 38. Qf5 $1 $18 {[%cal Rf5e5]} Bxc3 39. bxc3 Qh4 $2 (39... Qg4 $18 40. Qe5+ (40. Qxa5 h4 $16) 40... Ka7 41. Qxa5+ Kb8 42. Qe5+ Ka7) 40. Qe5+ {White mates.} Ka7 41. Qxa5+ Kb8 42. Qe5+ Ka8 {[#]} 43. Qh8+ $1 Ka7 {[#]} 44. Qd4+ $1 Qxd4 45. cxd4 {[%mdl 4096] Endgame KB-K3P} h4 46. Be6 Kb6 47. Kb3 Kc7 48. Kc4 Kd6 49. Bh3 b6 50. Bg2 Kc7 51. d5 c5 {[#]} 52. a5 $1 bxa5 53. Kxc5 a4 54. Kb4 Kd6 55. Kxa4 h3 56. Bh1 {Precision: White = 65%, Black = 36%.} 1-0

[Event "22nd Hoogeveen Open 2018"]
[Site "Hoogeveen"]
[Date "2018.10.25"]
[Round "7"]
[White "Kevlishvili, Robby"]
[Black "Konings, Frans"]
[Result "0-1"]
[WhiteElo "2461"]
[BlackElo "2195"]
[Annotator "TA"]
[PlyCount "174"]
[EventDate "2018.10.20"]
[EventType "swiss"]
[EventCountry "NED"]
[SourceTitle "playchess.com"]
[Source "ChessBase"]
[SourceQuality "1"]

{[%evp 30,174,24,20,26,-25,-27,-34,0,-25,0,-51,-18,-16,0,-6,9,8,12,-18,12,0,0,0,6,0,0,0,0,-23,0,0,0,0,0,0,0,-8,-26,-51,-51,-50,-31,-65,-55,-58,-58,-77,-57,-106,-56,-72,-29,-103,-126,-183,-163,-183,-176,-299,-304,-392,-383,-362,-321,-489,-568,-550,-554,-511,-513,-1418,-1318,-1218,-1293,-1250,-1250,-860,-1136,-1078,-631,-983,-629,-408,0,-938,-949,-1251,-1252,-1143,-1126,-1047,-1079,-963,-931,-994,-674,-569,-535,-431,-445,-2549,-2089,-5500,-5310,-29946,-29955,-29965,-29967,-29967,-29957,-5077,0,0,0,-29967,0,0,0,0,0,0,0,0,0,0,0,0,0,0,0,0,0,0,0,-29968,-29969,-29970,-29972,-29972,-29973,-29976,-29977,-29976,-29976,-29966,-4602]} 1. e4 e5 2. Nf3 Nc6 3. Bb5 a6 4. Ba4 Nf6 5. O-O Be7 6. Re1 b5 7. Bb3 d6 8. c3 O-O 9. h3 Na5 10. Bc2 c5 11. d4 Qc7 12. Nbd2 Bd7 13. Nf1 Nc4 14. d5 Rfc8 {C97: Closed Ruy Lopez: Chigorin Defence: 11 d4 Qc7, sidelines} 15. Ng3 g6 16. Nh2 {LiveBook: 3 Games} a5 {The position is equal.} 17. Ng4 $146 (17. a4 $142) ({Predecessor:} 17. a4 bxa4 18. Bxa4 Rcb8 19. Qe2 Bxa4 20. Rxa4 Nb6 21. Ra2 c4 22. Ng4 Nxg4 23. Qxg4 {½-½ (32) Gullaksen,E (2387)-Ernst,S (2578) Fagernes 2012}) 17... Nxg4 $11 18. hxg4 Qd8 19. Nf1 Bg5 20. Nh2 (20. Bd3 $11) 20... Bxc1 21. Qxc1 Qh4 22. g3 Qf6 23. Kg2 a4 {[%cal Ba5a4,Ba4a3][%mdl 32]} 24. Bd1 a3 25. b3 Nb2 {White must now prevent ...Nd3.} 26. Qe3 Qg7 27. g5 Nxd1 28. Raxd1 Rf8 29. Rd2 f6 30. gxf6 Rxf6 31. b4 c4 32. f3 Raf8 33. Rf2 g5 34. Ref1 h5 35. Qc1 Qg6 36. Qe3 R8f7 37. Re1 Qg7 38. Ref1 Rg6 39. Qc1 Qf8 40. Rh1 g4 41. Rhf1 (41. f4 $11 {keeps the balance.}) 41... gxf3+ 42. Rxf3 Rxf3 43. Rxf3 Qg7 $1 44. Qxa3 (44. Qe1 {keeps fighting.}) 44... h4 $1 $19 {[%cal Bh5h4,Bh4h3][%mdl 32]} 45. Qa8+ Kh7 46. Nf1 Bg4 $1 {[%cal Rg4f3]} 47. Re3 (47. Qf8 $142 Bxf3+ 48. Qxf3) 47... Qf7 48. Nh2 h3+ 49. Kg1 {[#]} Bh5 $1 50. Nf1 (50. Qa6 $142 Qf4 51. Qa7+ Kh6 52. Nf1) 50... Rf6 51. Nh2 Rf2 52. Qc8 Rxa2 {( -> ...Qf2+)} 53. Qf5+ Qxf5 54. exf5 {[%mdl 4096] Endgame KRB-KRN} Rg2+ 55. Kh1 Rd2 56. Kg1 Rg2+ (56... Bf7 $142 57. Nf3 Rg2+ 58. Kf1 Rxg3) 57. Kh1 Bf7 58. Ng4 Kg7 59. f6+ Kg6 60. Rf3 Bxd5 61. f7 Bxf7 62. Rf6+ Kg7 63. Rxd6 Rxg3 64. Nxe5 Re3 65. Nxf7 (65. Ng4 $142 Re2 66. Rd4) 65... Kxf7 {KR-KR} 66. Rd5 Rxc3 67. Rxb5 Rb3 68. Kh2 Ke6 69. Kh1 Kd6 70. Kh2 {[#]} Rd3 $2 (70... Kd7 $1 $19 {[%cal Rd7d6] And now ...Kd6 would win.} 71. Rb6 Kc7) 71. Rc5 $11 Rc3 72. Rb5 $2 {[%mdl 8192]} (72. Rg5 $11) 72... Kc6 $2 (72... Rb3 {mates} 73. Rb8 Kd5 74. b5 Kc5 75. Rc8+ Kxb5 76. Rd8 c3 77. Rc8 Kb4 78. Rc7 Ka3 79. Kxh3 c2+ 80. Kh4 Kb2 81. Kg4 Rc3 82. Rb7+ Ka3 83. Ra7+ Kb2 84. Rb7+ Ka3 85. Ra7+ Kb4 86. Rb7+ Kc4 87. Rc7+ Kd3 88. Rxc3+ Kxc3 89. Kg5 c1=Q+ 90. Kg6 Kd4 91. Kf5 Qh6 92. Kg4 Ke4 93. Kg3 Qd2 94. Kh4 Qg2 95. Kh5 Kf5 96. Kh6 Qg6#) 73. Ra5 $1 Kb6 {Threatens to win with ...Rb3.} 74. Rc5 Kb7 (74... Rc1 $5 {[%cal Rc1c3]}) 75. Rb5+ Ka6 76. Ra5+ $1 Kb6 77. Rc5 Kb7 {Strongly threatening ...Kb6.} (77... Rc1 $5 {[%cal Rc1c3]}) 78. Rb5+ Kc6 79. Ra5 Kd7 {...Rb3 is the strong threat.} 80. Rd5+ Ke6 $2 {[%mdl 8192]} (80... Kc6 $11 81. Rg5 Kd7) 81. Rc5 Kd6 82. Rb5 $1 Rb3 {Black mates.} 83. Rb8 Kd5 84. b5 Kc5 85. Rb7 Rxb5 86. Rc7+ Kb4 87. Kxh3 Rg5 {Precision: White = 49%, Black = 56%.} (87... c3 $142 88. Kg4 Rc5 89. Rb7+ Kc4 90. Rb1 c2 91. Rc1 Kc3 92. Rh1 Kb2 93. Kf4 c1=Q+ 94. Rxc1 Kxc1 95. Ke3 Rc4 96. Kd3 Rb4 97. Kc3 Rh4 98. Kd3 Kd1 99. Ke3 Rb4 100. Kd3 Rh4 101. Ke3 Kc2 102. Ke2 Re4+ 103. Kf2 Kd2 104. Kf3 Rd4 105. Kg2 Ke3 106. Kg3 Ke2 107. Kg2 Rd3 108. Kh1 Kf1 109. Kh2 Kf2 110. Kh1 Rh3#) 0-1

[Event "22nd Hoogeveen Open 2018"]
[Site "Hoogeveen"]
[Date "2018.10.25"]
[Round "7"]
[White "Shyaamnikhil P"]
[Black "Guseinov, Gadir"]
[Result "1/2-1/2"]
[WhiteElo "2429"]
[BlackElo "2667"]
[Annotator "TA"]
[PlyCount "112"]
[EventDate "2018.10.20"]
[EventType "swiss"]
[EventCountry "NED"]
[SourceTitle "playchess.com"]
[Source "ChessBase"]
[SourceQuality "1"]

{[%evp 13,112,13,48,20,15,10,31,21,13,15,28,17,43,39,44,0,-9,-17,-20,-33,-27,-33,-43,-64,-55,-73,-63,-63,-70,-71,-71,-73,-68,-73,-78,-63,-72,-81,-73,-96,-20,-54,-22,-81,-16,-16,-16,-16,-16,-16,-9,-31,-31,-51,-61,-64,-72,-77,-69,-68,-77,-95,0,0,0,0,0,0,0,0,0,0,0,0,0,0,8,-8,-8,-8,-8,-8,-8,-8,-8,-8,-8,-8,-8,-8,-8,-8,-8,-8,-8,-8,-8,-8,0,0,0]} 1. d4 Nf6 2. Nf3 g6 3. Nc3 Bg7 4. e4 d6 5. h3 O-O 6. Be3 c6 7. Bd3 b5 {LiveBook: 35 Partien} 8. a4 {B08: Pirc-Ufimzew-Verteidigung} (8. O-O b4 9. Ne2 a5 10. Ng3 Nbd7 11. Qd2 Bb7 12. c4 bxc3 13. bxc3 Ba6 14. Rab1 Qc7 15. Bxa6 Rxa6 16. Bh6 {½-½ (44) Harikrishna,P (2744)-Andreikin,D (2712) Huaian 2017}) 8... b4 9. Ne2 a5 $146 ({Vorgänger:} 9... Nbd7 10. Ng3 e5 11. dxe5 dxe5 12. O-O Qe7 13. Qe1 a5 14. Nd2 Nc5 15. Bc4 h5 {1-0 (41) Koepke,C (2290)-Gaponenko,I (2433) Germany 2018}) 10. Ng3 {Weiß steht etwas besser.} Nbd7 11. O-O e5 12. c3 exd4 13. cxd4 Re8 14. Qc1 (14. Re1 $14) 14... c5 $11 15. Bb5 Ba6 16. Bxa6 Rxa6 17. dxc5 Nxc5 18. e5 Nfd7 $1 19. exd6 Rxd6 {zielt auf ...Sb3 ab.} 20. Bxc5 Rc6 21. Be7 Rxc1 22. Bxd8 Rxa1 23. Rxa1 Rxd8 24. Rd1 Bxb2 25. Rd5 f5 {Und weiter mit ...Lf6 wäre nett.} 26. Rxa5 Bc3 (26... Rb8 $17 {Droht ...b3 und aus.} 27. Rd5 Nf6) 27. Rb5 Nf6 28. Ne2 {[#]} (28. a5 $11) 28... Ne4 (28... Rd1+ $1 $17 29. Kh2 Ne4) 29. g4 Rd1+ 30. Kg2 fxg4 31. hxg4 Ra1 32. Rb8+ Kf7 33. Rb7+ Ke6 34. Nfd4+ Kd5 35. Rd7+ {[#]} Kc4 $1 36. Nc2 Rxa4 37. Ne3+ Kb3 (37... Kb5 $17 {Und ...Ta2 würde nun gewinnen.} 38. Rxh7 Ra2) 38. Nc1+ {Die Stellung ist ausgeglichen.} Kb2 39. Nd3+ Kb1 40. Rb7 Ka2 {Weiss sollte ...Ld2 verhindern.} 41. f3 Nd2 42. Nd5 {[%cal Rd3b4]} Ka3 43. Rc7 Nb1 44. Rb7 g5 {[%cal Bg6g5,Bg5f4][%mdl 32]} 45. f4 (45. Nb6 {looks sharper.} Ra6 46. Nc5 Rxb6 47. Rxb6 Bd4 48. Rb5) 45... gxf4 {[#] Droht stark ...Sd2.} 46. N5xb4 $1 {[%mdl 512] Beabsichtigt Sc2+ und Matt.} Bxb4 (46... Rxb4 47. Nxb4) 47. Rxb4 Rxb4 48. Nxb4 Kxb4 {[%mdl 4096] Endspiel KS-KB} 49. Kf3 Nc3 {...Sd5 ist eine echte Drohung.} 50. Kxf4 Nd5+ 51. Kg5 Kc5 52. Kh6 Kd6 53. Kxh7 Ne7 54. g5 Ke6 55. g6 Nxg6 56. Kxg6 Ke5 {Precision: Weiß = 54%, Schwarz = 59%.} 1/2-1/2

[Event "22nd Hoogeveen Open 2018"]
[Site "Hoogeveen"]
[Date "2018.10.25"]
[Round "7"]
[White "Warmerdam, Max"]
[Black "Beerdsen, Thomas"]
[Result "1/2-1/2"]
[WhiteElo "2417"]
[BlackElo "2460"]
[Annotator "TA"]
[PlyCount "43"]
[EventDate "2018.10.20"]
[EventType "swiss"]
[EventCountry "NED"]
[SourceTitle "playchess.com"]
[Source "ChessBase"]
[SourceQuality "1"]

{[%evp 15,43,51,40,35,36,37,43,42,36,37,44,19,51,54,68,42,57,55,52,52,77,74,83,0,0,0,0,-6,0,0]} 1. e4 c5 2. Nf3 e6 3. d4 cxd4 4. Nxd4 a6 5. c4 Nc6 6. Be3 Nf6 7. Nc3 Qc7 8. a3 Bd6 {LiveBook: 3 Partien. B41: Sizilianisch (Paulsen-Variante)} (8... Ne5 9. f3 Be7 10. Rc1 O-O 11. Be2 Ng6 12. Qd2 b6 13. b4 Bb7 14. Na4 Rfb8 15. c5 bxc5 16. Nxc5 Qd8 {½-½ (54) Dominguez Perez,L (2734)-Svidler,P (2747) St Petersburg 2012}) 9. Qd2 {[#] Und weiter mit Scb5! wäre nett.} Nxd4 10. Bxd4 {zielt auf Dg5 ab.} Bf4 {Weiß steht etwas besser.} 11. Be3 Bxe3 12. Qxe3 $146 O-O 13. Rd1 Rd8 14. Be2 d6 15. O-O Bd7 16. Rd2 Bc6 17. Rfd1 Rd7 18. b4 {Schwarz muss nun b5 beachten.} b6 19. c5 ({Günstiger ist} 19. g4 $16) 19... dxc5 $11 {Die Stellung ist ausgeglichen.} 20. bxc5 Rxd2 21. Rxd2 bxc5 22. Qxc5 1/2-1/2